Landscape Handbook For The Tropic (Record no. 10338)

000 -LEADER
fixed length control field 00418nam a2200169Ia 4500
003 - CONTROL NUMBER IDENTIFIER
control field OSt
005 - DATE AND TIME OF LATEST TRANSACTION
control field 20220314170543.0
008 - FIXED-LENGTH DATA ELEMENTS--GENERAL INFORMATION
fixed length control field 220308s9999 xx 000 0 und d
020 ## - INTERNATIONAL STANDARD BOOK NUMBER
International Standard Book Number 9781870673419
082 ## - DEWEY DECIMAL CLASSIFICATION NUMBER
Classification number 712.0913
Item number HIL
100 ## - MAIN ENTRY--PERSONAL NAME
Personal name  William Frank Hill 
245 #0 - TITLE STATEMENT
Title Landscape Handbook For The Tropic
260 ## - PUBLICATION, DISTRIBUTION, ETC. (IMPRINT)
Name of publisher, distributor, etc Antique Collectors Club (1 January 1999)
365 ## - TRADE PRICE
Price type code USD
365 ## - TRADE PRICE
Unit of pricing 50
942 ## - ADDED ENTRY ELEMENTS (KOHA)
Source of classification or shelving scheme
Holdings
Withdrawn status Lost status Source of classification or shelving scheme Damaged status Koha normalized classification for sorting Not for loan Permanent location Current location Date acquired Source of acquisition Cost, normal purchase price Total Checkouts Full call number Barcode Date last seen Date last borrowed Cost, replacement price Price effective from Koha item type
        712_091300000000000_HIL   BMS College of Architecture, Design and Planning BMS College of Architecture, Design and Planning 2022-03-14 1 2754.50 1 712.0913 HIL AR-UG2504 2022-03-23 2022-03-18 3935.00 2022-03-14 UG Books
Copyright © 2025, The Librarian, Library and Information Centre, BMSCA D&P, Bengaluru. All Rights Reserved
web counter

Powered by Koha